| 000 | 00899nam a22003017a 4500 | ||
|---|---|---|---|
| 003 | CHAP | ||
| 005 | 20220817042507.0 | ||
| 008 | 971013s1945 a r 00010 spa d | ||
| 010 | _a46215 | ||
| 011 | _a47187 | ||
| 035 | _a51329 | ||
| 040 | _cCHAP | ||
| 090 | _aFolleto 1370 | ||
| 110 | 2 | _aUnión Panamericana | |
| 245 | 1 | _aElaboración de quesos | |
| 260 |
_aWashington : _bUnión Panamericana, _c1945 |
||
| 300 |
_a29 p. _b: ilus. |
||
| 490 |
_aPublicación agrícola _v; 152-153 |
||
| 590 |
_aBATCH-UPD _b10 _c20130110 _lUCH01 _h2011 |
||
| 590 |
_aBATCH-UPD _b10 _c20130410 _lUCH01 _h1330 |
||
| 590 |
_aBATCH-UPD _b10 _c20130914 _lUCH01 _h1946 |
||
| 590 |
_aCONVERSION _b10 _c20130109 _lUCH01 _h1325 |
||
| 650 | 1 | 4 |
_aQueso _xProcesado. _993233 |
| 830 | 0 |
_aPublicación agrícola _v; 152-153 _992750 |
|
| 901 | _aBK | ||
| 942 | _cFOLL | ||
| 949 |
_aFolleto 1370 _bBC _cBPP _d-114895 _eBPA _i51329 _mD _si |
||
| 999 |
_c46215 _d46215 |
||